Bộ sách kỹ thuật thông tin số
Saved in:
| Main Author: | |
|---|---|
| Format: | Book |
| Language: | Undetermined |
| Published: |
Hà Nội
Khoa học kỹ thuật
2005
|
| Subjects: | |
| Tags: |
Add Tag
No Tags, Be the first to tag this record!
|
| Institutions: | Trung tâm Học liệu Trường Đại học Cần Thơ |
|---|
| LEADER | 00600nam a2200205Ia 4500 | ||
|---|---|---|---|
| 001 | CTU_93415 | ||
| 008 | 210402s9999 xx 000 0 und d | ||
| 020 | |c 15000 | ||
| 082 | |a 621.382 | ||
| 082 | |b W246/T.1 | ||
| 100 | |a Wang, Cheng-Xiang | ||
| 245 | 0 | |a Bộ sách kỹ thuật thông tin số | |
| 245 | 0 | |c Cheng-Xiang Wang, Nguyễn Văn Đức | |
| 260 | |a Hà Nội | ||
| 260 | |b Khoa học kỹ thuật | ||
| 260 | |c 2005 | ||
| 650 | |a Digital communications.,Matlab | ||
| 650 | |x Exercises | ||
| 904 | |i Năm | ||
| 980 | |a Trung tâm Học liệu Trường Đại học Cần Thơ | ||